Rating consultancy (Record no. 110632)

MARC details
000 -LEADER
fixed length control field 01563cam a22003255a 4500
001 - CONTROL NUMBER
control field L149804
008 - FIXED-LENGTH DATA ELEMENTS--GENERAL INFORMATION
fixed length control field 100428s2010 xxk 000 0 eng u
020 ## - INTERNATIONAL STANDARD BOOK NUMBER
International Standard Book Number 9781842195888
035 ## - SYSTEM CONTROL NUMBER
System control number (Sirsi) u149804
041 0# - LANGUAGE CODE
Language code of text/sound track or separate title eng
050 04 - LIBRARY OF CONGRESS CALL NUMBER
Classification number 336.21 $2 18
110 2# - MAIN ENTRY--CORPORATE NAME
Corporate name or jurisdiction name as entry element Royal Institution of Chartered Surveyors
9 (RLIN) 4900
245 00 - TITLE STATEMENT
Title Rating consultancy
Remainder of title RICS/IRRV/RSA code of practice
Statement of responsibility, etc. [old edition]
250 ## - EDITION STATEMENT
Edition statement 3rd ed.
260 ## - PUBLICATION, DISTRIBUTION, ETC.
Place of publication, distribution, etc. Coventry
Name of publisher, distributor, etc. RICS
Date of publication, distribution, etc. 2010
300 ## - PHYSICAL DESCRIPTION
Extent iv, 28p.
Dimensions 30cm.
490 #0 - SERIES STATEMENT
Series statement RICS Code of Practice
505 2# - FORMATTED CONTENTS NOTE
Formatted contents note Rating consultancy code of practice -- The code of practice applicable in England and Wales -- The code of practice in relation to Scotland -- The code of practice in relation to Northern Ireland -- Appendices
520 ## - SUMMARY, ETC.
Summary, etc. Sets out the standards of practice that rating consultants must adopt in cases where they are wither seeking instructions, or are approached by a new or existing client, to provide advice in relation to non-domestic rating matters. It has mandatory application in relation to consultancy work. Addendum to 3rd ediition published September 2013 see L157992.
520 ## - SUMMARY, ETC.
Summary, etc. Supersedes second edition (ISBN 1842192396).
520 ## - SUMMARY, ETC.
Summary, etc. Superseded by fourth edition (ISBN 9781783211906)
590 ## - LOCAL NOTE (RLIN)
Local note KA NTK
651 #4 - SUBJECT ADDED ENTRY--GEOGRAPHIC NAME
Geographic name England and Wales
Chronological subdivision 1543-
651 #4 - SUBJECT ADDED ENTRY--GEOGRAPHIC NAME
Geographic name Scotland
Chronological subdivision 1999-
651 #4 - SUBJECT ADDED ENTRY--GEOGRAPHIC NAME
Geographic name Northern Ireland
Chronological subdivision 2007-
690 ## - LOCAL SUBJECT ADDED ENTRY--TOPICAL TERM (OCLC, RLIN)
Topical term or geographic name as entry element PROPERTY-PROPERTY TAXATION
710 2# - ADDED ENTRY--CORPORATE NAME
Corporate name or jurisdiction name as entry element Institute of Revenues, Rating and Valuation
9 (RLIN) 2992
710 1# - ADDED ENTRY--CORPORATE NAME
Corporate name or jurisdiction name as entry element Rating Surveyors' Association
9 (RLIN) 2328
942 ## - ADDED ENTRY ELEMENTS (KOHA)
Suppress in OPAC 0
Source of classification or shelving scheme Dewey Decimal Classification
Holdings
Withdrawn status Lost status Source of classification or shelving scheme Damaged status Not for loan Home library Current library Shelving location Date acquired Total Checkouts Full call number Barcode Date last seen Copy number Price effective from Koha item type
    Dewey Decimal Classification     London London RICS Boxes 30/04/2010   RICS 2010/5 ROY 30075448 06/08/2019 1 06/08/2019 Archive
    Dewey Decimal Classification     London London RICS Boxes 04/04/2014   RICS 2010/5 ROY 30075451 06/08/2019 2 06/08/2019 Book
    Dewey Decimal Classification     London London RICS Boxes 04/04/2014   RICS 2010/5 ROY 30075449 06/08/2019 3 06/08/2019 Book